000 01477namaa2200325 i 4500
003 EG-GICUC
005 20260420121335.0
008 260420m19541960ua |||jr|||| 000 0 ara d
040 _aEG-GiCUC
_bara
_cEG-GiCUC
_dEG-GiCUC
_erda
082 0 4 _221
_a415.5
_bJ618
092 0 4 _221
_a415.5
_bJ618
099 _a415.5 J618 1954
100 1 _aبن جنى النحوى، أبى الفتح عثمان
_d-1002
_eمؤلف.
245 1 2 _aالمنصف :
_bشرح الإمام أبى الفتح عثمان بن جنى النحوى لكتاب التصريف للإمام أبى عثمان المازنى النحوى البصرى/
_cتحقيق ابراهيم مصطفى، عبد الله أمين.
250 _aالطبعة الاولى
264 _aالقاهرة (مصر) :
_bوزارة المعارف العمومية، ‪ادارة احياء التراث القديم،
_c1954-1960.
300 _aمجدات 3 ؛
_c24 سم
336 _2rdacontent
_atext
337 _2rdamedia
_aUnmediated
338 _2rdacarrier
_avolume
504 _aيشتمل على ارجاعات ببليوجرافية.
541 _aد. جابر عصفور ؛
_bالقاهرة ؛
_cإهداء ؛
_d2024.
650 1 7 _aاللغة العربية
_xالنحو
_2qrmak
650 1 7 _aاللغة العربية
_xالصرف
_2qrmak
651 1 _2qrmak
700 1 _aمصطفى، ابراهيم
_eمحقق.
700 1 _aامين، عبد الله
_eمحقق.
905 _aAya
942 _2ddc
_cREF
_e21
_n0
999 _c179608
_d179608